000 00440nam a22001697a 4500
003 BDDh-ASL
005 20231015031024.0
008 220926s1891 xx ||||| |||| 00| 0 urd d
040 _aBDDh-ASL
_cBDDh-ASL
041 _aurd
082 _a297
_bRIS
245 0 0 _aRisala Mabda Wa Ma'ad : / رساله مبدآ و معاد
260 _bNizami Press ,
_c1891.
300 _a56 p. :
_c25 cm.
650 0 _91652
_aIslam
942 _2ddc
_cBK
999 _c29355
_d29355